[Event "COL-chT Liga Quintal"]
[Site "Barranquilla"]
[Date "2019.06.16"]
[Round "7.2"]
[White "Ruiz Jaraba, Valentina Sofia"]
[Black "Gonzalez, Aldair Enrique"]
[Result "0-1"]
[WhiteElo "1501"]
[BlackElo "1615"]
[PlyCount "110"]
[EventDate "2019.03.17"]
[EventType "team-tourn"]
[EventRounds "7"]
[EventCountry "COL"]
[SourceTitle "EXT 2024"]
[Source "ChessBase"]
[SourceDate "2023.10.10"]
[SourceVersion "1"]
[SourceVersionDate "2023.10.10"]
[SourceQuality "1"]
[WhiteTeam "Quintal C"]
[BlackTeam "Americana Uni"]
[WhiteTeamCountry "COL"]
[BlackTeamCountry "COL"]

1. e4 c5 2. Nf3 d6 3. d4 cxd4 4. Nxd4 Nf6 5. Nc3 a6 6. f3 e6 7. Be2 b5 8. a3 Bb7 9. Be3 Nbd7 10. 0-0 d5 11. exd5 Nxd5 12. Nxd5 Bxd5 13. Nb3 Be7 14. Rc1 Rc8 15. Kh1 h5 16. f4 h4 17. Bf3 Nf6 18. h3 0-0 19. Bxd5 Nxd5 20. Bd4 Bf6 21. Nc5 Bxd4 22. Qxd4 Qb6 23. Nb3 Rfd8 24. Rf2 Qxd4 25. Nxd4 Rc4 26. Ne2 Ne3 27. Nc3 Rcd4 28. Kg1 Rd2 29. Re2 Rxe2 30. Nxe2 Rd2 31. Kf2 Nxc2 32. Kf3 f5 33. Nc3 Nd4+ 34. Ke3 Nb3 35. Ne2 Nxc1 36. Kxd2 Nxe2 37. Kxe2 Kf7 38. Ke3 Ke7 39. Kd3 Kd6 40. Kd4 a5 41. b3 g6 42. a4 Kc6 43. Ke5 Kc5 44. Kxe6 bxa4 45. bxa4 Kb4 46. Kf6 Kxa4 47. Kxg6 Kb5 48. Kxf5 a4 49. Kg6 a3 50. f5 a2 51. f6 a1Q 52. f7 Qh8 53. Kf5 Kc5 54. Ke6 Qf8 55. Kf6 Kd5 0-1